| 000 | 00938nam a2200277Ia 4500 | ||
|---|---|---|---|
| 001 | Z_2288 | ||
| 003 | CHAP | ||
| 008 | 220113s2000 xx 000 0 und d | ||
| 010 | _a165343 | ||
| 040 | _cCHAP | ||
| 090 | _aTesis O 1437 | ||
| 100 |
_aOlivares Pineda, Rodrigo _983052 |
||
| 245 |
_aInfluencia de niveles nutricionales y suplementación con germinados de trigo sobre sincronización de estros y comportamiento productivo en conejas inseminadas artificialmente / _cpor Rodrigo Olivares Pineda |
||
| 260 |
_aChapingo, Méx. : _bEl autor, _c2000 |
||
| 300 | _a98 h. | ||
| 502 | _aTesis (Maestro en Ciencias Especialista en Producción Animal) -- UACH. Departamento de Zootecnia | ||
| 650 |
_aConejos _xNutrición _926372 |
||
| 650 |
_aConejos _xReproducción _926378 |
||
| 650 |
_aTrigo _xGerminación _9115031 |
||
| 901 | _aTESIS O 1437 | ||
| 902 | _aM | ||
| 910 | _a2000 | ||
| 942 | _c2 | ||
| 942 | _c2 | ||
| 999 |
_c165343 _d165343 |
||